000 00459nam a2200133Ia 4500
008 100328s9999 xx 000 0 und d
082 _b5605
100 _aशिंदे शांताराम रामचंद्र
245 _aसंभाषणाची कला
260 _bकिर्लोस्कर प्रेस
630 _aसंभाषणाची कला
730 _aसंभाषणाची कला
942 _cBOOK
999 _c501593
_d501590